000 00380nam a22001577a 4500
003 OSt
008 240411b |||||||| |||| 00| 0 eng d
020 _a9789355511232
082 _a004.678 GIC
100 _aGILCHRIST,Alasdair
245 _aCloud Native Apps on Google Cloud Platform
250 _a1st Ed
260 _aNew Delhi
_bBPB
_c2022
300 _a396
942 _2ddc
_cBK
999 _c12453
_d12453